S-Bahnstationen in Hamburg - Sudden Death - Statistiken

Allgemein
  • Dieses Quiz wurde 681 mal gespielt
  • Das Durchschnittsergebnis liegt bei 8 aus 18
Answers on the Grid
Answers color-coded by a green-red scale on the quiz's grid according to % correct below.
Billstedt
Meiendorfer Weg
Prisdorf
Thesdorf
Elbgaustraße
Horneburg
Hammerbrook
Maschen
Ratzeburg
Fresenburg
Norderstedt Mitte
Ohlsdorf
Alte Wöhr
Neue Wöhr
Barmbek
Wohltorf
Allermöhe
Lübeck-Moisling
Neuwiedenthal
Elbbrücken
Tiefstack
Blankenese
Iserbrook
Fischbek
Langeln
Brunnenstraße
Kellinghusenstraße
Nettelnburg
Aumühle
Wilhelmsburg
 
Antwortstatistiken
Antwort % Korrekt
Blankenese
63%
Elbbrücken
55%
Barmbek
54%
Elbgaustraße
54%
Hammerbrook
52%
Ohlsdorf
51%
Wilhelmsburg
50%
Aumühle
49%
Allermöhe
43%
Alte Wöhr
42%
Fischbek
39%
Tiefstack
37%
Iserbrook
36%
Neuwiedenthal
33%
Nettelnburg
30%
Thesdorf
26%
Horneburg
24%
Wohltorf
24%
Keine übereinstimmenden Quizze gefunden
Verteilung der Resultate
Anzahl Personen mit jedem Resultat
Perzentil nach korrekt beantworteten Fragen
Ihre Resultats-Entwicklung
Sie haben dieses Quiz noch nicht gespielt